000 00559nam a2200205Ia 4500
003 IT-RoPAU
005 20220918175809.0
008 120407s9999 xx 000 0 und d
040 _aIT-RoPAU
_c20140322105355.0
040 _cIT-RoPAU
041 _aita
100 _aFiglie di San Paolo
_916929
245 _aCostituzioni della Pia Società Figlie di San Paolo
260 _c1953
_aRoma
_bTip. FSP
300 _a253 p.
_c15 cm
490 _aEdizioni Paoline
520 _aIndice Fine e membri Vita e opere Governo
942 _cBK
_2ddc
999 _c30501
_d30501